Guess the Taylor Swift Song (no hints) 68 - Statistics

General Stats
  • This quiz has been taken 100 times
  • The average score is 319 of 429
Answer Stats
Answer % Correct
I
100%
the
100%
a
98%
it
98%
it)
98%
me
98%
me?
98%
to
98%
we
98%
We
98%
You
98%
you
98%
and
96%
And
96%
in
96%
In
96%
(in
96%
my
96%
your
96%
all
93%
All
93%
go
91%
on
91%
were
91%
at
89%
love
89%
never
88%
(never
88%
they
88%
Too
88%
It's
86%
what
86%
but
84%
But
84%
there
84%
with
84%
don't
82%
So
82%
so
82%
us
82%
of
81%
was
81%
Didn't
79%
for
79%
had
79%
could
77%
last
77%
(last
77%
Oh
77%
as
75%
have
75%
like
75%
one
75%
back
74%
got
74%
(got
74%
night
74%
down
72%
our
72%
things?
72%
'Cause
70%
went
70%
eye
68%
eyes
68%
found
68%
lost
68%
tell
68%
think
68%
felt
67%
into
67%
knew
67%
mind
67%
their
67%
better
65%
better)
65%
new
65%
or
65%
should
65%
wonderland
65%
(wonderland)
65%
wonderland)
65%
forever
63%
forever)
63%
green
63%
mad
63%
out
63%
seem
63%
around
61%
flash
61%
gone
60%
rush
60%
arms
58%
feel
58%
Fell
58%
life
58%
open
58%
pretended
58%
exciting?
56%
worse
56%
Haven't
54%
slept
54%
smile?
54%
Took
54%
turn
54%
twisting
54%
way
54%
talking
53%
cat
51%
end
51%
hole
51%
home
51%
lights
51%
rabbit
51%
something
51%
'til
51%
becomes
49%
curious
49%
heard
49%
held
49%
make
49%
minds?
49%
wrong
49%
both
47%
Eh
47%
eh
47%
fears
47%
fun
47%
screams
47%
seems
47%
straight
47%
turned
47%
alone
46%
Cheshire
46%
darling,
46%
Flashing
46%
games
46%
loses
46%
somebody
46%
nothing's
44%
tight
44%
whispers
44%
calm
42%
reached
42%
searched
42%
strangers
42%
control
40%
seemed
40%
world
40%
else
39%
spinning
37%
watching
37%
No matching quizzes found
Score Distribution
Percent of People with Each Score
Percentile by Number Answered
Your Score History
You have not taken this quiz